000 00642nam a2200241Ia 4500
003 OSt
005 20220924122504.0
006 a|||||r|||| 00| 0
007 ta
008 220923b |||||||| |||| 00| 0 pan d
024 _a5745
037 _cTextual
040 _aARTS
_cARTS
_bpan
041 _2pan
_apan
082 _a22:8, N6
100 _aUsherwood Bob.
_945494
245 0 _aRediscovering public library management
260 _aLondon
_bLibrary association Pub
_c1996
300 _aviii,184p
_ccm.
650 _aLIBRARY SCIENCE
942 _h22:8, N6
_cTEXL
_2CC
999 _c411830
_d411830